Centroamérica: los pueblos avanzan. Se resquebraja el esquema de dominación

Պահպանված է:
Մատենագիտական մանրամասներ
Ձևաչափ: Տեքստ
Խորագրեր:
Ցուցիչներ: Ավելացրեք ցուցիչ
Չկան պիտակներ, Եղեք առաջինը, ով նշում է այս գրառումը!

MARC

LEADER 00000 a a2200000 04500
001 1505
003
040
245 |a Centroamérica: los pueblos avanzan. Se resquebraja el esquema de dominación  
650 |a TRABAJADORES  
650 |a ECONOMIA  
650 |a ADMINISTRACION FINANCIERA  
650 |a INTERVENCION DEL ESTADO  
650 |a CENTROAMERICA  
773 |g número 1; páginas 7-11  
999 |c 34511  |d 34511